000 00559nam a2200205Ia 4500
008 180523s9999 xx 000 0 und d
020 _a0-7852-6796-4
050 _aMAIN BF 637.L4
050 _b.M39 1999
100 _aMaxwell, John C.
245 4 _aThe 21 indispensable qualities of a leader :
245 0 _bbecoming the person others will want to follow /
245 0 _cJohn C. Maxwell.
260 _aNashville :
260 _bThomas Nelson Publishers,
260 _c1999
300 _a156 pages :
300 _c18 cm.
650 _aLeadership.
999 _c356520
_d356520